|
|
|
|
| LEADER |
00000nam0a2200000 4500 |
| 001 |
24386 |
| 005 |
20231101205614.0 |
| 035 |
|
|
|a (RuTPU)RU\TPU\book\24613
|
| 035 |
|
|
|a BOOK00024686
|
| 090 |
|
|
|a 24386
|
| 100 |
|
|
|a 20011209d2000 k y0rusy50 ca
|
| 101 |
0 |
|
|a rus
|
| 102 |
|
|
|a RU
|
| 105 |
|
|
|a y dm 000zy
|
| 200 |
1 |
|
|a Применение химически модифицированных кремнеземов и хемосорбционных волокон ВИОН для выделения, концентрирования и определения спектроскопическими методами благородных, цветных и тяжелых металлов
|e автореферат диссертации на соискание ученой степени кандидата химических наук
|f Н. В. Мазняк
|g Красноярский государственный университет
|
| 210 |
|
|
|a Красноярск
|c [Б. и.]
|d 2000
|
| 215 |
|
|
|a 22 с.
|
| 606 |
1 |
|
|a Спектральный анализ
|2 stltpush
|3 (RuTPU)RU\TPU\subj\67783
|9 83449
|
| 610 |
1 |
|
|a аналитическая химия
|
| 610 |
1 |
|
|a металлы
|
| 610 |
1 |
|
|a определение
|
| 610 |
1 |
|
|a спектроскопия
|
| 610 |
1 |
|
|a кремнеземы
|
| 610 |
1 |
|
|a хемосорбционные волокна
|
| 610 |
1 |
|
|a авторефераты диссертаций
|
| 675 |
|
|
|a 543.42(04)
|v 3
|
| 700 |
|
1 |
|a Мазняк
|b Н. В.
|g Наталья Валерьевна
|
| 712 |
0 |
2 |
|a Красноярский государственный университет
|2 stltpush
|3 (RuTPU)RU\TPU\col\9
|9 23123
|
| 801 |
|
0 |
|a RU
|b 63413507
|c 20011209
|g PSBO
|
| 801 |
|
2 |
|a RU
|b 63413507
|c 20141127
|g PSBO
|
| 942 |
|
|
|c BK
|